Nové výzvy v oblasti verejných financií 2019 zborník vedeckých statí

Saved in:
Bibliographic Details
Corporate Author: Ekonomická univerzita v Bratislave. Národohospodárska fakulta
Other Authors: Kušnírová, Jana, 1977-, Belanová, Katarína, 1978-, al Absi, Marwan, Roková, Elena, Boór, Matej, 1988-
Format: Book
Language:Slovak
Czech
English
Published: Bratislava Vydavateľstvo EKONÓM 2019
Edition:1. vydanie
Subjects:
Tags: Add Tag
No Tags, Be the first to tag this record!

MARC

LEADER 00000nlm a2200000 4500
001 0251821
005 20250822105641.6
020 |a 978-80-225-4596-9 
041 0 |a slo 
041 0 |a cze 
041 0 |a eng 
044 |a SK 
245 1 0 |a Nové výzvy v oblasti verejných financií 2019  |b zborník vedeckých statí  |c zostavovateľ: Jana Kušnírová ; recenzenti: Katarína Belanová, Marwan al Absi, Elena Roková, Matej Boór 
250 |a 1. vydanie 
264 1 |a Bratislava  |b Vydavateľstvo EKONÓM  |c 2019 
300 |a CD-ROM [100 s.] [3,75 AH] 
610 2 0 |a financie verejné 
610 2 0 |a politika fiškálna 
610 2 0 |a banky 
610 2 0 |a ochrana prostredia životného 
610 2 0 |a závierka účtovná 
610 2 0 |a kriminalita 
610 2 0 |a podnik malý 
610 2 0 |a podnik stredný 
610 2 0 |a starnutie populácie 
610 2 0 |a situácia finančná podniku 
610 2 0 |a politika daňová 
610 2 0 |a únik daňový 
610 2 0 |a dane miestne 
610 2 0 |a Slovensko 
700 1 |a Kušnírová, Jana, 1977- 
700 1 |a Belanová, Katarína, 1978- 
700 1 |a al Absi, Marwan 
700 1 |a Roková, Elena 
700 1 |a Boór, Matej, 1988- 
710 2 |a Ekonomická univerzita v Bratislave. Národohospodárska fakulta